000 00830cam a2200253 a 4500
008
020 _a0749434481 (pbk.)
049 _aMAIN
090 _aHF1141
_bEFF
245 0 0 _aEffective learning & teaching in business & management /
_cedited by Bruce Macfarlane and Roger Ottewill.
260 _aLondon :
_bKogan Page,
_c2001.
300 _axv, 208 p. :
_bill. ;
_c24 cm.
504 _aIncludes bibliographical references.
500 _aIncludes index.
650 0 _aBusiness education
_zGreat Britain.
650 0 _aManagement
_xStudy and teaching (Higher)
_zGreat Britain.
700 1 _aOttewill, Roger.
700 1 _aMcFarlane, Bruce J.
907 _a.b10265879
_b18-06-12
_c09-09-09
003
005 20230123125353.0
040 _cNUST
942 _cBOOKS
_kHF1141
_mEFF
999 _c140364
_d140364